[Event "Mitropa Cup (Women)"]
[Site "Trencin"]
[Date "2025.05.15"]
[Round "2.3"]
[White "Katter, Katharina"]
[Black "Macek, Inti"]
[Result "0-1"]
[WhiteElo "2113"]
[BlackElo "1891"]
[PlyCount "76"]
[EventDate "2025.05.14"]
[EventType "team-tourn"]
[EventRounds "9"]
[EventCountry "SVK"]
[SourceTitle "CB22_2025"]
[SourceDate "2025.05.28"]
[SourceVersion "1"]
[SourceVersionDate "2025.05.28"]
[SourceQuality "1"]
[WhiteTeam "Austria (W)"]
[BlackTeam "Slovenia (W)"]
[WhiteTeamCountry "AUT"]
[BlackTeamCountry "SLO"]

1. d4 d5 2. c4 dxc4 3. e3 Nf6 4. Nf3 e6 5. Bxc4 c5 6. 0-0 Nc6 7. Nc3 a6 8. a4 Be7 9. Qe2 0-0 10. Rd1 cxd4 11. exd4 Nd5 12. Nxd5 exd5 13. Bd3 Bg4 14. Bb1 Bf6 15. Be3 Re8 16. Qd2 g6 17. Ba2 Qd7 18. Rac1 Qf5 19. Rc5 Rad8 20. Bc4 Bxf3 21. gxf3 Be7 22. Bd3 Qxf3 23. Be2 Qf5 24. Rcc1 Qh3 25. Bf4 Bb4 26. Qd3 Qxd3 27. Bxd3 Nxd4 28. Kg2 Ne6 29. Bg3 f5 30. Be5 Nc5 31. Bf6 Rd6 32. Bd4 Nb3 33. Rc4 dxc4 34. Bxc4+ Kf8 35. Bxb3 Red8 36. Bc3 Bxc3 37. Rxd6 Rxd6 38. bxc3 Rd3 0-1

[Event "Nova Gorica op 29th"]
[Site "Nova Gorica"]
[Date "2025.01.31"]
[Round "9"]
[White "Macek, Inti"]
[Black "Zlatanovic, Srdjan"]
[Result "1-0"]
[WhiteElo "1697"]
[BlackElo "1831"]
[PlyCount "57"]
[EventDate "2025.01.24"]
[EventType "swiss"]
[EventRounds "9"]
[EventCountry "SLO"]
[SourceTitle "CB06_2025"]
[SourceDate "2025.02.05"]
[SourceVersion "1"]
[SourceVersionDate "2025.02.05"]
[SourceQuality "1"]

1. d4 Nf6 2. c4 e6 3. Nf3 Bb4+ 4. Bd2 Qe7 5. a3 Bxd2+ 6. Nbxd2 b6 7. g3 Bb7 8. Bg2 c5 9. dxc5 Qxc5 10. 0-0 0-0 11. Rc1 a5 12. Nb3 Qe7 13. Qd4 Qd8 14. Ne5 Bxg2 15. Kxg2 Nc6 16. Nxc6 dxc6 17. Rfd1 Qc7 18. c5 Qb7 19. Kg1 a4 20. Na1 Ra5 21. cxb6 Rb5 22. Qxa4 Rxb2 23. Qxc6 Qa6 24. Rb1 Qxe2 25. Rf1 Nd5 26. Rxb2 Qxb2 27. b7 Qxa3 28. Rc1 Nb6 29. Rb1 1-0

[Event "Wch U14 Girls"]
[Site "Florianopolis"]
[Date "2024.11.02"]
[Round "5"]
[White "Macek, Inti"]
[Black "Kaori Shikasho, Kariny"]
[Result "1-0"]
[WhiteElo "1737"]
[BlackElo "1605"]
[PlyCount "71"]
[EventDate "2024.10.29"]
[EventType "swiss"]
[EventRounds "11"]
[EventCountry "BRA"]
[SourceTitle "CB45_2024"]
[Source "ChessBase"]
[SourceDate "2024.11.06"]
[SourceVersion "1"]
[SourceVersionDate "2024.11.06"]
[SourceQuality "1"]

1. d4 d5 2. Nf3 Nf6 3. c4 e6 4. Bg5 Be7 5. Nc3 h6 6. Bf4 0-0 7. Qc2 Nbd7 8. cxd5 exd5 9. e3 c5 10. Be2 a6 11. 0-0 b5 12. dxc5 Nxc5 13. Nd4 Bd6 14. Bxd6 Qxd6 15. Rac1 Bg4 16. Ncxb5 axb5 17. Qxc5 Qxc5 18. Rxc5 Bxe2 19. Nxe2 b4 20. Ra1 b3 21. a4 Rfc8 22. Rxc8+ Rxc8 23. Nd4 Ra8 24. Nxb3 Nd7 25. a5 Rb8 26. Ra3 Rb5 27. Kf1 Nb8 28. Nd4 Rb7 29. b4 Rxb4 30. a6 Rb1+ 31. Ke2 Rb2+ 32. Kf3 Nxa6 33. Rxa6 g5 34. Rxh6 g4+ 35. Kg3 Rb4 36. Rd6 1-0

[Event "Ljubljana op"]
[Site "Ljubljana"]
[Date "2024.04.27"]
[Round "1"]
[White "Hnatyshyn, Anastasiya"]
[Black "Macek, Inti"]
[Result "1-0"]
[WhiteElo "2160"]
[BlackElo "1685"]
[PlyCount "79"]
[EventDate "2024.04.27"]
[EventType "swiss"]
[EventRounds "9"]
[EventCountry "SLO"]
[SourceTitle "CBM 220 Extra"]
[Source "ChessBase"]
[SourceDate "2024.07.31"]
[SourceVersion "1"]
[SourceVersionDate "2024.07.31"]
[SourceQuality "1"]

1. e4 e5 2. Nf3 Nc6 3. Bc4 Bc5 4. c3 Nf6 5. d4 exd4 6. e5 d5 7. Bb5 Ne4 8. cxd4 Bb4+ 9. Bd2 Bxd2+ 10. Nbxd2 Nxd2 11. Qxd2 Bd7 12. Bxc6 Bxc6 13. 0-0 0-0 14. a4 Bd7 15. Qe3 c6 16. Nd2 f6 17. f4 fxe5 18. fxe5 Qe7 19. Rfe1 Rae8 20. Nb3 Bf5 21. a5 Bc2 22. Nd2 Qe6 23. Ra3 Qg6 24. Rc1 Bf5 25. a6 b6 26. Rac3 Bd7 27. b4 Rc8 28. Nf3 h6 29. e6 Qxe6 30. Qxe6+ Bxe6 31. Ne5 c5 32. dxc5 bxc5 33. Rxc5 Rxc5 34. Rxc5 Rc8 35. Rxc8+ Bxc8 36. b5 Kf8 37. Nc6 Ke8 38. Nxa7 Bd7 39. Nc6 Bc8 40. Na5 1-0

[Event "Novo Mesto op"]
[Site "Novo Mesto"]
[Date "2023.10.31"]
[Round "5"]
[White "Macek, Inti"]
[Black "Novak, Rok"]
[Result "1/2-1/2"]
[WhiteElo "1472"]
[BlackElo "1804"]
[PlyCount "53"]
[EventDate "2023.10.28"]
[EventType "swiss"]
[EventRounds "9"]
[EventCountry "SLO"]
[SourceTitle "CBM 217 Extra"]
[Source "ChessBase"]
[SourceDate "2024.01.31"]
[SourceVersion "1"]
[SourceVersionDate "2024.01.31"]
[SourceQuality "1"]

1. d4 d5 2. Nf3 Nf6 3. c4 e6 4. Nc3 a6 5. Bg5 dxc4 6. e4 b5 7. e5 h6 8. Bh4 g5 9. Nxg5 hxg5 10. Bxg5 Nbd7 11. exf6 Bh6 12. Qh5 Nxf6 13. Qf3 Bxg5 14. Qxa8 0-0 15. Rd1 e5 16. dxe5 Qe7 17. Qc6 Qxe5+ 18. Be2 b4 19. Nd5 Ng4 20. Qxc4 c6 21. Nxb4 Re8 22. h3 Nxf2 23. Rf1 Nxd1 24. Qxf7+ Kh8 25. Qh5+ Kg8 26. Qf7+ Kh8 27. Qh5+ 1/2-1/2

[Event "Novo Mesto op"]
[Site "Novo Mesto"]
[Date "2023.10.30"]
[Round "4"]
[White "Macek, Inti"]
[Black "Urbanc, Suzana"]
[Result "0-1"]
[WhiteElo "1472"]
[BlackElo "1622"]
[PlyCount "108"]
[EventDate "2023.10.28"]
[EventType "swiss"]
[EventRounds "9"]
[EventCountry "SLO"]
[SourceTitle "CBM 217 Extra"]
[Source "ChessBase"]
[SourceDate "2024.01.31"]
[SourceVersion "1"]
[SourceVersionDate "2024.01.31"]
[SourceQuality "1"]

1. d4 f5 2. Nf3 Nf6 3. c4 e6 4. Nc3 Bb4 5. a3 Bxc3+ 6. bxc3 b6 7. Bg5 d6 8. g3 Bb7 9. Bg2 0-0 10. 0-0 h6 11. Bxf6 Qxf6 12. Nd2 Bxg2 13. Kxg2 Nd7 14. Qc2 e5 15. d5 e4 16. f3 e3 17. Nb3 Rae8 18. Nd4 Nc5 19. Rab1 a5 20. Qd1 f4 21. g4 h5 22. h3 Re5 23. Qe1 h4 24. Qd1 g5 25. Nc6 Ree8 26. Qd4 Kg7 27. Qxf6+ Kxf6 28. Nd4 a4 29. Rfd1 Ra8 30. Rb4 Rf7 31. Rb2 Nd7 32. Nb5 Nc5 33. Rbb1 Nb3 34. Rb2 Re7 35. Rbb1 Ra5 36. Rb2 Kf7 37. Rbb1 Ke8 38. Rb2 Kd7 39. Rbb1 Kc8 40. Rd3 Kb7 41. Rb2 Rg7 42. Rd1 Ka6 43. Nd4 Rc5 44. Ne6 Rg8 45. Nxc5+ bxc5 46. Rdb1 Rb8 47. Kf1 Nd2+ 48. Ke1 Rb3 49. Rxb3 axb3 50. Rb2 Ka5 51. Rxd2 exd2+ 52. Kxd2 Ka4 53. Kc1 Kxa3 54. Kb1 b2 0-1

[Event "Ljubljana-chT 75th"]
[Site "Ljubljana"]
[Date "2023.02.16"]
[Round "4.4"]
[White "Macek, Inti"]
[Black "Janzelj, Erika Marija"]
[Result "0-1"]
[WhiteElo "1512"]
[BlackElo "1719"]
[PlyCount "90"]
[EventDate "2023.01.12"]
[EventType "team-swiss"]
[EventRounds "9"]
[EventCountry "SLO"]
[SourceTitle "EXT 2024"]
[Source "ChessBase"]
[SourceDate "2023.10.10"]
[SourceVersion "1"]
[SourceVersionDate "2023.10.10"]
[SourceQuality "1"]
[WhiteTeam "Komenda Pogi"]
[BlackTeam "Ig"]
[WhiteTeamCountry "SLO"]
[BlackTeamCountry "SLO"]

1. d4 d6 2. Nf3 Nf6 3. c4 e6 4. Nc3 Be7 5. e4 a6 6. Be2 b6 7. d5 e5 8. h3 Nbd7 9. Be3 h6 10. 0-0 Nc5 11. Nd2 g5 12. b4 Nb7 13. Bh5 Qd7 14. Qa4 Nxh5 15. Qxd7+ Bxd7 16. a4 g4 17. hxg4 Bxg4 18. f3 Bd7 19. g4 Nf4 20. Bxf4 exf4 21. Kg2 Rg8 22. Rh1 Rg6 23. Rh5 Bg5 24. Nb3 c6 25. Nd4 c5 26. bxc5 dxc5 27. Nf5 Na5 28. Rah1 Bxf5 29. exf5 Rg8 30. Ne4 Nxc4 31. Rxh6 Bxh6 32. Nf6+ Ke7 33. Nxg8+ Rxg8 34. Rxh6 Ne3+ 35. Kf2 Nxd5 36. a5 Rb8 37. axb6 Rxb6 38. Rh8 Rb2+ 39. Ke1 c4 40. Ra8 Ra2 41. Rc8 c3 42. Rc5 Kd6 43. Rc8 a5 44. Rd8+ Ke5 45. Re8+ Kd4 0-1

[Event "SLO-chT Central 23rd"]
[Site "Slovenia"]
[Date "2022.10.27"]
[Round "6.3"]
[White "Macek, Inti"]
[Black "Kamensek, Ivan"]
[Result "0-1"]
[WhiteElo "1242"]
[BlackElo "1729"]
[PlyCount "93"]
[EventDate "2022.09.15"]
[EventType "team-swiss"]
[EventRounds "9"]
[EventCountry "SLO"]
[SourceTitle "EXT 2024"]
[Source "ChessBase"]
[SourceDate "2023.10.10"]
[SourceVersion "1"]
[SourceVersionDate "2023.10.10"]
[SourceQuality "1"]
[WhiteTeam "Komenda Pogi"]
[BlackTeam "Visnja Gora Sticna"]
[WhiteTeamCountry "SLO"]
[BlackTeamCountry "SLO"]

1. d4 d5 2. Nf3 Nf6 3. c4 e6 4. Nc3 Be7 5. e3 0-0 6. cxd5 exd5 7. Be2 c6 8. 0-0 h6 9. b3 Bg4 10. Bb2 Nbd7 11. h3 Bf5 12. Qc1 Ne4 13. Nxe4 dxe4 14. Nd2 Nf6 15. Ba3 Re8 16. Bxe7 Rxe7 17. Qc5 Qd7 18. Rac1 g5 19. Nc4 b6 20. Qb4 Nd5 21. Qd2 f6 22. Qd1 b5 23. Nd2 Bg6 24. Bh5 Kg7 25. Bxg6 Kxg6 26. Qc2 Nb4 27. Qb1 Nd3 28. Rc3 f5 29. f3 Qd5 30. fxe4 fxe4 31. Nxe4 Qxe4 32. Qxd3 Qxd3 33. Rxd3 Rae8 34. Rf3 Re4 35. Kf2 a5 36. g4 R4e6 37. Rc3 Kg7 38. Rc5 Rd6 39. Re5 Rxe5 40. dxe5 Rd8 41. Rf6 Rf8 42. Rxf8 Kxf8 43. Kf3 Ke7 44. Ke4 Ke6 45. Kd4 b4 46. Kc5 Kxe5 47. Kxc6 0-1

[Event "EU-ch Schools U11 Girls"]
[Site "Tornelo INT"]
[Date "2021.12.10"]
[Round "1"]
[White "Mgeladze, Kesaria"]
[Black "Macek, Inti"]
[Result "1-0"]
[WhiteElo "1625"]
[BlackElo "1183"]
[PlyCount "57"]
[EventDate "2021.12.03"]
[EventType "swiss (rapid)"]
[EventRounds "7"]
[EventCountry "NET"]
[SourceTitle "EXT 2023"]
[Source "ChessBase"]
[SourceDate "2022.10.05"]
[SourceVersion "1"]
[SourceVersionDate "2022.10.05"]
[SourceQuality "1"]

1. e4 e5 2. Nf3 Nc6 3. Bb5 a6 4. Ba4 Nf6 5. d3 d6 6. c3 Bd7 7. 0-0 Be7 8. Re1 0-0 9. d4 exd4 10. cxd4 Bg4 11. Bxc6 bxc6 12. Nc3 Rb8 13. h3 Bh5 14. b3 Re8 15. Bb2 Bf8 16. Rc1 Bg6 17. e5 dxe5 18. dxe5 Qxd1 19. Rcxd1 Nd5 20. Nxd5 cxd5 21. Rxd5 Rbd8 22. Red1 Rxd5 23. Rxd5 Bb4 24. a3 Be7 25. Rd7 c6 26. Ra7 a5 27. Rxa5 h6 28. Nd4 c5 29. Nc6 1-0